| 000 | 01266nam a2200325 c 4500 | ||
|---|---|---|---|
| 003 | BLK | ||
| 005 | 20220707171027.0 | ||
| 008 | 180409b bul|||||r ||||||| ||bul|| | ||
| 010 | _aKNG00112114000 | ||
| 020 |
_a954-733-366-6 _bиздат.: Прозорец |
||
| 040 | _aBLK | ||
| 041 |
_aBUL _cBUL |
||
| 080 |
_aИндийска литература _b821.21 _x-31 _z821.21-31 |
||
| 100 | 1 |
_aБанкър, Ашок _eпърви автор _936377 |
|
| 700 | 1 |
_aСимеонова, Мария Илкова _eпрев. _9369186 |
|
| 139 |
_aБанкър, Ашок _bБ 25 |
||
| 245 | 1 | 0 |
_aПринцът на Айодхя _bРоман _cАшок Банкър; прев. Мария Илкова Симеонова. |
| 257 | _aIND | ||
| 260 |
_аСофия _bПрозорец _c2004 _fСофия : Инвестпрес |
||
| 300 |
_a448 с. _c20 см |
||
| 380 | _aX | ||
| 490 | 1 |
_aРамаяна _vКн. 1 |
|
| 500 | _aОриг. загл. Prince of Ayodhya / Ashok K. Banker. - Съдържа и Речник. - Офс. изд. - 1 000 тир. | ||
| 653 | _aромани | ||
| 852 | _aЦб 218859 | ||
| 856 | 4 |
_qpdf _u |
|
| 856 | 4 |
_qpdf _u |
|
| 942 |
_cKNG _n0 _09 |
||
| 944 |
_aCR _c06.04.2004 _lф / _kЦветанка_Енчева |
||
| 944 |
_aED _c23.01.2017 _lф / _kЛюдмила_Стоянова |
||
| 999 |
_c106846 _d106846 |
||